African Countries that Use Portuguese as an Official Language - Statistics

General Stats
  • This quiz has been taken 26 times
  • The average score is 5 of 6
Answer Stats
Country % Correct
Angola
95%
São Tomé and Príncipe
91%
Cape Verde
86%
Guinea-Bissau
82%
Mozambique
82%
Equatorial Guinea
45%
No matching quizzes found
Score Distribution
Percent of People with Each Score
Percentile by Number Answered
Your Score History
You have not taken this quiz